| 000 | 00874nam a2200217Ia 4500 | ||
|---|---|---|---|
| 003 | GCL | ||
| 008 | 140319s9999 xx 000 0 ara d | ||
| 040 |
_aGCL / _cGCL |
||
| 082 | 0 | 4 |
_a228 _bم ا |
| 100 | 1 | _aمحمد بن موسى ال نصر | |
| 245 | 1 | 0 |
_aالاخطاء الواقعة فى قراءة سورة الفاتحة من المصلين وائمة المساجد والقارئين : _bنحو من مائتى خطأ يقع لهم فيها / _cمحمد بن موسى ال نصر |
| 250 | _aالاولى | ||
| 260 |
_aالاردن : _bالمؤلف ، _c2005 |
||
| 300 |
_a123 ص ؛ _c24 سم |
||
| 490 |
_aسلسلة دفاعا عن القرآن _v3 |
||
| 650 | 0 | 4 | _aالقران - احكام |
| 650 | 0 | 4 | _aالقران - القراءات |
| 650 | 0 | 4 | _aالقران - تجويد |
| 650 | 0 | 4 | _aالقران - القراءات - اخطاء |
| 942 |
_2ddc _cBK |
||
| 999 |
_c10093 _d10093 |
||